000 01093nas a2200337 4500
001 BR2014003983
003 BR-BrBNA
005 20231205124207.0
007 ta
008 230509b bl.|||p| |||| 00| 00por d
040 _aBR-BrBNA
_bpor
_cBiblioteca Nacional de Agricultura
041 _a(Pt)
072 _aL02
100 1 _aRangel, A.H. do N.
100 1 _aCampos, J.M. de S.
100 1 _aOliveira, A.S. de
100 1 _aValadares Filho, S. de C.
100 1 _aAssis, A.J. de
100 1 _aSouza, S.M. de
245 1 _aDesempenho e parâmetros nutricionais de fêmeas leiteiras em crescimento alimentadas com silagem de milho ou cana-de-açúcar com concentrado
650 _aNOVILHO LEITEIRO
650 _aDIETA
650 _aUREIA
650 _aSILAGEM
650 _aMILHO
650 _aCANA DE AÇÚCAR
773 0 _tRevista Brasileira de Zootecnia (Brazil)
_xISSN 1806-9290
_g(Nov 2010), v. 39(11) p. 2518-2526
_wBR2014003983
856 4 0 _uhttp://www.scielo.br/pdf/rbz/v39n11/v39n11a27.pdf
909 _a202311
_bLúcia
_c55
_dLúcia Elande
942 _2AGRIS
_n0
_cANA
999 _c237781
_d237781